Normal view
MARC view
- سرور ، محمد شكري
Entry Personal Name
001 - CONTROL NUMBER
- control field: 7635
003 - CONTROL NUMBER IDENTIFIER
- control field: JO-AjAnu
005 - DATE AND TIME OF LATEST TRANSACTION
- control field: 20230606071532.0
008 - FIXED-LENGTH DATA ELEMENTS
- fixed length control field: 230606|| aca||aabn | a|a d
040 ## - CATALOGING SOURCE
- Original cataloging agency: JO-AjAnu
- Transcribing agency: JO-AjAnu
100 ## - HEADING--PERSONAL NAME
- Personal name: سرور ، محمد شكري
670 ## - SOURCE DATA FOUND
- Source citation: Work cat.: (JO-AjAnu)3948: سرور ، محمد شكري , author, محاولة لتاصيل أحكام الكفالة العينية في القانون المدني المصرى والقانون المدني الفرنسي " دراسة مقارنة "